| 000 | 00918cad a22002055a 4500 | ||
|---|---|---|---|
| 001 | E155033 | ||
| 008 | 120221e20120211xxk 000 0 eng u | ||
| 035 | _a(Sirsi) u155033 | ||
| 041 | 0 | _aeng | |
| 110 | 2 |
_aBank of Scotland _95792 |
|
| 245 | 0 | 0 |
_aValue of Scotland's housing soars by £149 billion in past decade _h[electronic resource] |
| 260 | _c2012 | ||
| 490 |
_aBank of Scotland Press Release _v11 February 2012 |
||
| 520 | _aSuggests that the value of private housing in Scotland increased by £149bn (131%) between 2001 and 2011, which is more than anywhere else in the UK. The estimated value of housing in Scotland now stands at £263bn. | ||
| 590 | _aKA | ||
| 651 | 4 |
_aScotland _y1999- |
|
| 690 |
_aResidential property _96266 |
||
| 856 | 4 | 0 |
_uhttps://www.lloydsbankinggroup.com/media/pdfs/bos/2012/1102_value_scotland.pdf _zView the news release free of charge at www.lloydsbankinggroup.com |
| 942 | _n0 | ||
| 999 |
_c83791 _d83791 |
||